| 000 | 00969cam a22003137a 4500 | ||
|---|---|---|---|
| 003 | CHAP | ||
| 005 | 20220329143011.0 | ||
| 008 | 050613d2003 us a r 00110 eng d | ||
| 010 | _a90473 | ||
| 011 | _a91445 | ||
| 020 | _a0071389016 | ||
| 035 | _a102004 | ||
| 040 | _cCHAP | ||
| 082 | 0 | 4 |
_a574.192 _bM8 2003 |
| 100 | 0 | 0 |
_aMurray, Robert K. _979832 |
| 245 | 1 | 0 |
_aHarper's illustrated biochemistry _c/by Robert K. Murray [and others] |
| 250 | _a26 ed. | ||
| 260 |
_aNew York : _bLange Medical Books/McGraw-Hill, _c2003. |
||
| 300 |
_a693 p. : _bilus. |
||
| 590 |
_aBATCH-UPD _b10 _c20130110 _lUCH01 _h0805 |
||
| 590 |
_aBATCH-UPD _b10 _c20130410 _lUCH01 _h0443 |
||
| 590 |
_aBATCH-UPD _b10 _c20130914 _lUCH01 _h0645 |
||
| 590 |
_aCONVERSION _b10 _c20130109 _lUCH01 _h1350 |
||
| 650 | 1 | 4 |
_aBioquĂmica. _912849 |
| 901 | _aBK | ||
| 905 | _aLilia | ||
| 942 | _cLIBRO | ||
| 949 |
_a574.192 M8 2003 _bBC _cLIBRO _d33724000958021 _eLIBRO _gI.00224494 _h106094 _i102004 _si _t$738.00 |
||
| 999 |
_c90473 _d90473 |
||